[Event "Litomysl Open 2018"]
[Site "Litomysl, Domov mladeze VOSP "]
[Date "2018.12.27"]
[Round "2.8"]
[White "Sokolski, Aleksander"]
[Black "Bystrov, Sergej"]
[Result "1/2-1/2"]
[WhiteElo "1931"]
[BlackElo "2233"]
[PlyCount "70"]
[EventDate "2018.12.26"]
[EventType "swiss"]
[EventRounds "9"]
[EventCountry "CZE"]
[SourceTitle "Ajedrez en Madrid"]
[Source "lmi"]
[SourceDate "2018.12.26"]
[SourceVersion "1"]
[SourceVersionDate "2019.01.04"]
[SourceQuality "1"]

1. d4 d6 2. c4 e5 3. dxe5 dxe5 4. Qxd8+ Kxd8 5. Nc3 c6 6. Nf3 f6 7. g3 Be6 8.
b3 Kc7 9. Bg2 Bb4 10. Bb2 a5 11. O-O Na6 12. Na4 Bd6 13. Rac1 b6 14. Rfd1 Nc5
15. Nxc5 bxc5 16. Nd2 Bf5 17. Ne4 Bxe4 18. Bxe4 Nh6 19. Rd2 g6 20. Rcd1 Rhd8
21. h4 Nf7 22. h5 f5 23. hxg6 hxg6 24. Bc2 e4 25. Kg2 Be5 26. Rxd8 Rxd8 27.
Rxd8 Kxd8 28. Ba3 Bd6 29. g4 Ke7 30. f3 exf3+ 31. exf3 Ke6 32. Bc1 Be7 33. Be3
Bd6 34. Bd2 Bc7 35. Be3 Bd6 1/2-1/2

[Event "Litomysl Open 2018"]
[Site "Litomysl, Domov mladeze VOSP "]
[Date "2018.12.27"]
[Round "2.9"]
[White "Chetverik, Maxim"]
[Black "Rokos, Filip"]
[Result "1-0"]
[WhiteElo "2209"]
[BlackElo "1882"]
[PlyCount "53"]
[EventDate "2018.12.26"]
[EventType "swiss"]
[EventRounds "9"]
[EventCountry "CZE"]
[SourceTitle "Ajedrez en Madrid"]
[Source "lmi"]
[SourceDate "2018.12.26"]
[SourceVersion "1"]
[SourceVersionDate "2019.01.04"]
[SourceQuality "1"]

1. d4 Nf6 2. c4 e6 3. Nf3 b6 4. Bf4 Bb7 5. e3 Be7 6. Bd3 O-O 7. Nc3 c5 8. d5 d6
9. dxe6 fxe6 10. Bg3 Qd7 11. Qc2 Nc6 12. a3 a6 13. Rd1 Rad8 14. Na4 Qc7 15. Ng5
Bc8 16. Bxh7+ Kh8 17. Bg6 e5 18. Nc3 Bd7 19. Nf7+ Kg8 20. Nxd8 Qxd8 21. O-O Bg4
22. Rd2 Bh5 23. Bh4 Bxg6 24. Qxg6 Na5 25. Qd3 e4 26. Qe2 Nb3 27. Rdd1 1-0

[Event "Litomysl Open 2018"]
[Site "Litomysl, Domov mladeze VOSP "]
[Date "2018.12.27"]
[Round "2.10"]
[White "Tioka, Zdenek"]
[Black "Daniel, Damian"]
[Result "0-1"]
[WhiteElo "1914"]
[BlackElo "2152"]
[PlyCount "74"]
[EventDate "2018.12.26"]
[EventType "swiss"]
[EventRounds "9"]
[EventCountry "CZE"]
[SourceTitle "Ajedrez en Madrid"]
[Source "lmi"]
[SourceDate "2018.12.26"]
[SourceVersion "1"]
[SourceVersionDate "2019.01.04"]
[SourceQuality "1"]

1. e4 c6 2. d4 d5 3. exd5 cxd5 4. Bd3 Nf6 5. c3 g6 6. h3 Bg7 7. Nf3 Nc6 8. O-O
O-O 9. Re1 Bf5 10. Bxf5 gxf5 11. Nbd2 e6 12. Nb3 Ne4 13. Bf4 b5 14. Nfd2 b4 15.
Nxe4 fxe4 16. Re3 bxc3 17. bxc3 Ne7 18. g4 Ng6 19. Bg3 f5 20. f4 Bh6 21. Nc5
Nxf4 22. Kh2 Qe7 23. Re1 Ng6 24. Rb1 f4 25. Bf2 Rab8 26. g5 Rxb1 27. Qxb1 Bxg5
28. Rg1 f3 29. Bg3 f2 30. Rf1 Bf4 31. Nxe4 dxe4 32. Qxe4 Bxg3+ 33. Kxg3 Qg5+
34. Qg4 Qe3+ 35. Kg2 Rf5 36. h4 Rf4 37. Qg3 Qe4+ 0-1

[Event "Litomysl Open 2018"]
[Site "Litomysl, Domov mladeze VOSP "]
[Date "2018.12.27"]
[Round "2.13"]
[White "Galvanek, Ladislav"]
[Black "Koziol, Kamil"]
[Result "0-1"]
[WhiteElo "1963"]
[BlackElo "2281"]
[PlyCount "20"]
[EventDate "2018.12.26"]
[EventType "swiss"]
[EventRounds "9"]
[EventCountry "CZE"]
[SourceTitle "Ajedrez en Madrid"]
[Source "lmi"]
[SourceDate "2018.12.26"]
[SourceVersion "1"]
[SourceVersionDate "2019.01.04"]
[SourceQuality "1"]

1. d4 d5 2. Bf4 Nf6 3. e3 c5 4. c3 Qb6 5. Nd2 Qxb2 6. Rb1 Qa3 7. Qc2 Nc6 8. Bc7
c4 9. Nxc4 dxc4 10. Bxc4 Bf5 0-1

[Event "Litomysl Open 2018"]
[Site "Litomysl, Domov mladeze VOSP "]
[Date "2018.12.27"]
[Round "2.16"]
[White "Jirousek, Jan"]
[Black "Prachar, Josef"]
[Result "1-0"]
[WhiteElo "1785"]
[BlackElo "1827"]
[PlyCount "79"]
[EventDate "2018.12.26"]
[EventType "swiss"]
[EventRounds "9"]
[EventCountry "CZE"]
[SourceTitle "Ajedrez en Madrid"]
[Source "lmi"]
[SourceDate "2018.12.26"]
[SourceVersion "1"]
[SourceVersionDate "2019.01.04"]
[SourceQuality "1"]

1. d4 d5 2. c4 c6 3. Nc3 Nf6 4. Nf3 Bf5 5. Bg5 Nbd7 6. e3 Qb6 7. Qb3 e6 8. c5
Qxb3 9. axb3 h6 10. Bxf6 gxf6 11. Kd2 Bg7 12. Bd3 Bxd3 13. Kxd3 e5 14. Nh4 Rg8
15. f3 h5 16. h3 Bf8 17. g4 Be7 18. Nf5 Nb8 19. Ng3 hxg4 20. hxg4 Na6 21. Kd2
Nc7 22. Rh6 exd4 23. exd4 f5 24. Re1 fxg4 25. fxg4 Ne6 26. Kd3 O-O-O 27. Nf5
Bf8 28. Rh7 Rxg4 29. Rxf7 Ng5 30. Rf6 Nf3 31. Re3 Nh4 32. Nxh4 Rxh4 33. Ne2 Bh6
34. Ref3 Re8 35. Ng3 Rh2 36. Nf5 Rh8 37. Nd6+ Kb8 38. Rf7 b5 39. Rb7+ Ka8 40.
Rff7 1-0

[Event "Litomysl Open 2018"]
[Site "Litomysl, Domov mladeze VOSP "]
[Date "2018.12.27"]
[Round "2.20"]
[White "Hayrumyan, Artur"]
[Black "Macek, Ondrej"]
[Result "0-1"]
[WhiteElo "1490"]
[BlackElo "1813"]
[PlyCount "42"]
[EventDate "2018.12.26"]
[EventType "swiss"]
[EventRounds "9"]
[EventCountry "CZE"]
[SourceTitle "Ajedrez en Madrid"]
[Source "lmi"]
[SourceDate "2018.12.26"]
[SourceVersion "1"]
[SourceVersionDate "2019.01.04"]
[SourceQuality "1"]

1. e4 c6 2. d4 d5 3. exd5 cxd5 4. Bd3 Nc6 5. c3 g6 6. h3 Bf5 7. Qc2 Bxd3 8.
Qxd3 Nf6 9. Bf4 Bg7 10. Ne2 O-O 11. g4 Re8 12. Be5 Ne4 13. Bxg7 Kxg7 14. Nd2 e5
15. f3 Qh4+ 16. Kd1 Nf2+ 17. Kc2 Nxd3 18. Kxd3 exd4 19. Rh2 Re3+ 20. Kc2 d3+
21. Kb3 Rxe2 0-1

[Event "Litomysl Open 2018"]
[Site "Litomysl, Domov mladeze VOSP "]
[Date "2018.12.27"]
[Round "2.22"]
[White "Molnar, Ladislav"]
[Black "Macek, Jaroslav"]
[Result "1-0"]
[WhiteElo "1752"]
[BlackElo "1388"]
[PlyCount "101"]
[EventDate "2018.12.26"]
[EventType "swiss"]
[EventRounds "9"]
[EventCountry "CZE"]
[SourceTitle "Ajedrez en Madrid"]
[Source "lmi"]
[SourceDate "2018.12.26"]
[SourceVersion "1"]
[SourceVersionDate "2019.01.04"]
[SourceQuality "1"]

1. e4 c5 2. f4 d6 3. Nf3 Bg4 4. Bb5+ Nc6 5. O-O e6 6. h3 Bxf3 7. Qxf3 Qb6 8.
Nc3 Nge7 9. f5 exf5 10. exf5 O-O-O 11. f6 Ng6 12. Qf5+ Kb8 13. Bc4 Nd4 14. Qe4
Qc7 15. Nd5 Qd7 16. c3 Re8 17. Qb1 Ne5 18. cxd4 Nxc4 19. Qc2 Nb6 20. Nxb6 axb6
21. Qb3 Kc7 22. dxc5 bxc5 23. fxg7 Bxg7 24. Qxf7 Re7 25. Qc4 Rhe8 26. d3 Re2
27. Rb1 Bd4+ 28. Kh1 Qc6 29. Qf7+ R8e7 30. Qg8 Rg7 31. Rf7+ Rxf7 32. Qxf7+ Kb6
33. Qf1 Rf2 34. Qg1 Rxb2 35. Rxb2+ Bxb2 36. Bxb2 Qb5 37. Qb1 Kc6 38. a3 d5 39.
Qc2 Qa5 40. Qc3 Qb5 41. Qf6+ Kc7 42. Be5+ Kc8 43. Qf8+ Kd7 44. Qd6+ Ke8 45.
Qxd5 b6 46. Bf6 Qb1+ 47. Kh2 Qe1 48. Qe5+ Qxe5+ 49. Bxe5 b5 50. Bc3 Ke7 51. Kg3
1-0

[Event "Litomysl Open 2018"]
[Site "Litomysl, Domov mladeze VOSP "]
[Date "2018.12.27"]
[Round "2.26"]
[White "Stodola, Zdenek"]
[Black "Krawczyk, Emil"]
[Result "1-0"]
[WhiteElo "1579"]
[BlackElo "1000"]
[PlyCount "71"]
[EventDate "2018.12.26"]
[EventType "swiss"]
[EventRounds "9"]
[EventCountry "CZE"]
[SourceTitle "Ajedrez en Madrid"]
[Source "lmi"]
[SourceDate "2018.12.26"]
[SourceVersion "1"]
[SourceVersionDate "2019.01.04"]
[SourceQuality "1"]

1. d4 d5 2. c4 e5 3. dxe5 dxc4 4. Qa4+ c6 5. Qxc4 Qa5+ 6. Bd2 Qxe5 7. Nc3 Qc7
8. Nf3 Nf6 9. e4 Bd6 10. Be2 O-O 11. O-O Ng4 12. g3 Nd7 13. Qb3 Ndf6 14. Rac1
b6 15. Nb5 cxb5 16. Rxc7 Bxc7 17. Qxb5 Nxe4 18. Qc6 Bf5 19. Qxc7 Nxd2 20. Nxd2
Rad8 21. Bxg4 Bxg4 22. Qf4 Bh3 23. Rc1 h6 24. Rc2 g5 25. Qb4 Rde8 26. Ne4 Rd8
27. Rc1 a5 28. Qxb6 f5 29. Nf6+ Kf7 30. Rc7+ Kg6 31. Ng8+ Kh5 32. Qxh6+ Kg4 33.
Rc4+ f4 34. Qe6+ Rf5 35. Nf6+ Kf3 36. Qe4# 1-0

[Event "Litomysl Open 2018"]
[Site "Litomysl, Domov mladeze VOSP "]
[Date "2018.12.27"]
[Round "3.1"]
[White "Simacek, Pavel"]
[Black "Chetverik, Maxim"]
[Result "1-0"]
[WhiteElo "2478"]
[BlackElo "2209"]
[PlyCount "55"]
[EventDate "2018.12.26"]
[EventType "swiss"]
[EventRounds "9"]
[EventCountry "CZE"]
[SourceTitle "Ajedrez en Madrid"]
[Source "lmi"]
[SourceDate "2018.12.26"]
[SourceVersion "1"]
[SourceVersionDate "2019.01.04"]
[SourceQuality "1"]

1. e4 Nf6 2. e5 Nd5 3. d4 d6 4. c4 Nb6 5. exd6 cxd6 6. Nc3 g6 7. Be3 Bg7 8. Rc1
O-O 9. b3 N6d7 10. h3 Nf6 11. d5 e6 12. Nf3 exd5 13. cxd5 Qa5 14. Qd2 a6 15.
Be2 b5 16. O-O Bb7 17. Bd4 Nbd7 18. b4 Qxb4 19. a4 Nc5 20. axb5 Nb3 21. Qb2 a5
22. Na2 Qa4 23. Rc4 Qxb5 24. Rc3 Qxd5 25. Rxb3 Bc6 26. Rb6 Nh5 27. Bxg7 Nxg7
28. Rd1 1-0

[Event "Litomysl Open 2018"]
[Site "Litomysl, Domov mladeze VOSP "]
[Date "2018.12.27"]
[Round "3.2"]
[White "Cerveny, Petr"]
[Black "Daniel, Damian"]
[Result "1-0"]
[WhiteElo "2319"]
[BlackElo "2152"]
[PlyCount "109"]
[EventDate "2018.12.26"]
[EventType "swiss"]
[EventRounds "9"]
[EventCountry "CZE"]
[SourceTitle "Ajedrez en Madrid"]
[Source "lmi"]
[SourceDate "2018.12.26"]
[SourceVersion "1"]
[SourceVersionDate "2019.01.04"]
[SourceQuality "1"]

1. e4 c6 2. d4 d5 3. exd5 cxd5 4. Bd3 Nf6 5. c3 g6 6. Bf4 Nc6 7. Nd2 Bg7 8.
Ngf3 O-O 9. O-O Bf5 10. Bxf5 gxf5 11. Ne5 e6 12. Re1 Ne7 13. Nf1 Ng6 14. Qc1 b5
15. Bh6 Nxe5 16. dxe5 Ne4 17. f3 Nc5 18. Qe3 Rc8 19. Ng3 Bxh6 20. Qxh6 Kh8 21.
Nh5 Rg8 22. Qf6+ Qxf6 23. Nxf6 Rgd8 24. Red1 Na4 25. Rd2 Kg7 26. Kf2 Rc7 27. g4
fxg4 28. Rg1 h6 29. Rxg4+ Kf8 30. Rh4 Nb6 31. Rxh6 Ke7 32. h4 Rcc8 33. Ng4 Nc4
34. Re2 b4 35. h5 Nxb2 36. cxb4 Nd3+ 37. Kg3 d4 38. Rf6 Nc1 39. Rd2 d3 40. Kf2
Nxa2 41. Nh6 Rf8 42. Rxd3 Nxb4 43. Re3 Rc7 44. Rf4 a5 45. Rd4 Nc2 46. Rde4 Nxe3
47. Rxe3 Ra8 48. Ng4 a4 49. h6 Kf8 50. Nf6 Rca7 51. h7 Kg7 52. f4 Kh8 53. Rg3
a3 54. Rg8+ Rxg8 55. hxg8=Q# 1-0

[Event "Litomysl Open 2018"]
[Site "Litomysl, Domov mladeze VOSP "]
[Date "2018.12.27"]
[Round "3.3"]
[White "Svanda, Ondrej"]
[Black "Pekar, Vaclav"]
[Result "1/2-1/2"]
[WhiteElo "2241"]
[BlackElo "2148"]
[PlyCount "84"]
[EventDate "2018.12.26"]
[EventType "swiss"]
[EventRounds "9"]
[EventCountry "CZE"]
[SourceTitle "Ajedrez en Madrid"]
[Source "lmi"]
[SourceDate "2018.12.26"]
[SourceVersion "1"]
[SourceVersionDate "2019.01.04"]
[SourceQuality "1"]

1. e4 Nc6 2. Nf3 Nf6 3. e5 Nd5 4. d4 d6 5. c4 Nb6 6. exd6 exd6 7. Be2 Bf5 8. a3
Be7 9. d5 Nb8 10. Nd4 Bxb1 11. Rxb1 N8d7 12. O-O Bf6 13. Be3 O-O 14. Nf3 Re8
15. Re1 Ne5 16. Nxe5 Rxe5 17. Qc2 Re7 18. Bd3 g6 19. g3 Nd7 20. Be4 a5 21. b3
b6 22. Bg2 Qf8 23. Bd2 Rxe1+ 24. Rxe1 Re8 25. h3 Rxe1+ 26. Bxe1 Qe7 27. Kf1 Qe5
28. b4 axb4 29. axb4 Qa1 30. f4 Bd4 31. Bf3 Nf6 32. Ke2 h5 33. Qd2 Kf8 34. Kf1
Kg7 35. Qc2 Qa3 36. Kg2 Qe3 37. Bf2 Qxf2+ 38. Qxf2 Bxf2 39. Kxf2 Ng8 40. g4
hxg4 41. hxg4 g5 42. Ke3 Kf6 1/2-1/2

[Event "Litomysl Open 2018"]
[Site "Litomysl, Domov mladeze VOSP "]
[Date "2018.12.27"]
[Round "3.4"]
[White "Getmanchuk, Andrei V"]
[Black "Dowgird, Filip"]
[Result "0-1"]
[WhiteElo "2140"]
[BlackElo "2236"]
[PlyCount "94"]
[EventDate "2018.12.26"]
[EventType "swiss"]
[EventRounds "9"]
[EventCountry "CZE"]
[SourceTitle "Ajedrez en Madrid"]
[Source "lmi"]
[SourceDate "2018.12.26"]
[SourceVersion "1"]
[SourceVersionDate "2019.01.04"]
[SourceQuality "1"]

1. c4 e5 2. Nc3 Nf6 3. e4 c6 4. Nf3 d6 5. d4 Nbd7 6. Be2 Be7 7. O-O O-O 8. h3
a6 9. Be3 Re8 10. dxe5 dxe5 11. a3 a5 12. Qc2 Qc7 13. Rfd1 a4 14. Bd3 Qa5 15.
Qe2 Bc5 16. Bd2 Qa7 17. Rdc1 h6 18. Nh4 Bd4 19. Qf3 Nc5 20. Bc2 Nh7 21. Nf5
Bxf5 22. Qxf5 Re6 23. Rf1 Rf6 24. Qg4 Rg6 25. Qh4 Ng5 26. Qh5 Qa6 27. Kh1 Qxc4
28. f4 Bxc3 29. Bxc3 Ncxe4 30. Qh4 Ne6 31. Rfe1 Ng3+ 32. Kh2 f5 33. Rxe5 Nxf4
34. Rd1 Rg5 35. Bd3 Qb3 36. Rd2 Nxd3 37. Rxd3 Ne4 38. Qe1 Qc2 39. Qf1 Rf8 40.
Rd7 Nxc3 41. bxc3 Qxc3 42. Ree7 Qg3+ 43. Kh1 b5 44. Rd3 Qh4 45. Rdd7 f4 46. Qf3
Qg3 47. Qe2 f3 0-1

[Event "Litomysl Open 2018"]
[Site "Litomysl, Domov mladeze VOSP "]
[Date "2018.12.27"]
[Round "3.5"]
[White "Kastner, Oldrich"]
[Black "Sabol, Marian"]
[Result "1/2-1/2"]
[WhiteElo "2020"]
[BlackElo "2298"]
[PlyCount "107"]
[EventDate "2018.12.26"]
[EventType "swiss"]
[EventRounds "9"]
[EventCountry "CZE"]
[SourceTitle "Ajedrez en Madrid"]
[Source "lmi"]
[SourceDate "2018.12.26"]
[SourceVersion "1"]
[SourceVersionDate "2019.01.04"]
[SourceQuality "1"]

1. d4 Nf6 2. Nf3 c5 3. c3 e6 4. Bf4 Be7 5. h3 O-O 6. Nbd2 d5 7. e3 Nh5 8. Bh2
f5 9. Ne5 Nf6 10. Bd3 Ne4 11. O-O Bd7 12. f3 Nxd2 13. Qxd2 Nc6 14. Rae1 Bd6 15.
Nxc6 Bxc6 16. Bxd6 Qxd6 17. f4 c4 18. Bc2 b5 19. b4 cxb3 20. axb3 a5 21. Ra1 a4
22. b4 Ra7 23. Ra3 h6 24. Bd3 Be8 25. Kf2 g5 26. Ke1 Rg7 27. Kd1 Rf6 28. Kc1
Rfg6 29. Rf2 g4 30. hxg4 Rxg4 31. Kb2 Kf8 32. Ra1 Rh4 33. Rg1 h5 34. Ka3 Qc6
35. Qc1 Ke7 36. Rc2 Kd6 37. Qe1 Qc7 38. Be2 Kc6 39. c4 Kb7 40. c5 Bc6 41. Bf3
Qe7 42. Rf1 Qf6 43. Rh1 Rxh1 44. Qxh1 h4 45. Qh2 Rg3 46. Rc1 Be8 47. c6+ Bxc6
48. Rh1 Bd7 49. Qxh4 Qxh4 50. Rxh4 Rg8 51. Rh7 Kc6 52. Rh1 Kb6 53. Rc1 Rh8 54.
Kb2 1/2-1/2

[Event "Litomysl Open 2018"]
[Site "Litomysl, Domov mladeze VOSP "]
[Date "2018.12.27"]
[Round "3.6"]
[White "Koziol, Kamil"]
[Black "Houska, Bronislav"]
[Result "1-0"]
[WhiteElo "2281"]
[BlackElo "2043"]
[PlyCount "47"]
[EventDate "2018.12.26"]
[EventType "swiss"]
[EventRounds "9"]
[EventCountry "CZE"]
[SourceTitle "Ajedrez en Madrid"]
[Source "lmi"]
[SourceDate "2018.12.26"]
[SourceVersion "1"]
[SourceVersionDate "2019.01.04"]
[SourceQuality "1"]

1. e4 d6 2. d4 Nf6 3. Nc3 g6 4. Be3 Bg7 5. Qd2 O-O 6. O-O-O c6 7. f3 b5 8. Bh6
b4 9. Nb1 Bxh6 10. Qxh6 Qa5 11. h4 Be6 12. h5 Nbd7 13. Bd3 g5 14. Nh3 Kh8 15.
Nxg5 Rg8 16. e5 Rxg5 17. Qxg5 dxe5 18. dxe5 Bxa2 19. f4 Nd5 20. Qh6 Nf8 21. Rh3
Nxf4 22. Qxf4 Bxb1 23. Kxb1 b3 24. cxb3 1-0

[Event "Litomysl Open 2018"]
[Site "Litomysl, Domov mladeze VOSP "]
[Date "2018.12.27"]
[Round "3.7"]
[White "Sokolski, Aleksander"]
[Black "Michenka, Jozef"]
[Result "1/2-1/2"]
[WhiteElo "1931"]
[BlackElo "2274"]
[PlyCount "78"]
[EventDate "2018.12.26"]
[EventType "swiss"]
[EventRounds "9"]
[EventCountry "CZE"]
[SourceTitle "Ajedrez en Madrid"]
[Source "lmi"]
[SourceDate "2018.12.26"]
[SourceVersion "1"]
[SourceVersionDate "2019.01.04"]
[SourceQuality "1"]

1. d4 Nf6 2. c4 e6 3. Nc3 d5 4. Bg5 Be7 5. e3 Nbd7 6. Nf3 h6 7. Bh4 O-O 8. Bd3
dxc4 9. Bxc4 b6 10. O-O Bb7 11. Rc1 c5 12. Qe2 cxd4 13. Nxd4 Ne4 14. Nxe4 Bxe4
15. Bg3 Nf6 16. Rfd1 Bd5 17. Bxd5 exd5 18. Nc6 Qd7 19. Nxe7+ Qxe7 20. Rc7 Qe6
21. Qa6 Rfc8 22. Rxa7 Rxa7 23. Qxa7 d4 24. exd4 Qe2 25. Rf1 Qxb2 26. Bf4 Qxd4
27. Be3 Qd5 28. Qxb6 Qxa2 29. Bd4 Nd5 30. Qb2 Qxb2 31. Bxb2 Rc2 32. Bd4 Rd2 33.
Be3 Re2 34. Bc5 f6 35. g3 Kf7 36. Rd1 Ke6 37. Bf8 Nc3 38. Rd3 Kf7 39. Rxc3 Kxf8
1/2-1/2

[Event "Litomysl Open 2018"]
[Site "Litomysl, Domov mladeze VOSP "]
[Date "2018.12.27"]
[Round "3.8"]
[White "Bystrov, Sergej"]
[Black "Bartos, Karel"]
[Result "1/2-1/2"]
[WhiteElo "2233"]
[BlackElo "1856"]
[PlyCount "43"]
[EventDate "2018.12.26"]
[EventType "swiss"]
[EventRounds "9"]
[EventCountry "CZE"]
[SourceTitle "Ajedrez en Madrid"]
[Source "lmi"]
[SourceDate "2018.12.26"]
[SourceVersion "1"]
[SourceVersionDate "2019.01.04"]
[SourceQuality "1"]

1. d4 Nf6 2. Nf3 e6 3. e3 b6 4. Bd3 Bb7 5. O-O Be7 6. b3 O-O 7. Bb2 d5 8. Nbd2
Nbd7 9. Ne5 c5 10. f4 Ne4 11. Qe2 Nxd2 12. Qxd2 f5 13. Qe2 Nxe5 14. dxe5 Qd7
15. Rfd1 Rfd8 16. h3 Rac8 17. Kh2 Kh8 18. c4 Qe8 19. a4 a5 20. Rac1 Qg6 21. Rg1
Qf7 22. Rcd1 1/2-1/2

[Event "Litomysl Open 2018"]
[Site "Litomysl, Domov mladeze VOSP "]
[Date "2018.12.27"]
[Round "3.9"]
[White "Burnett, Andrew"]
[Black "Jirousek, Jan"]
[Result "1/2-1/2"]
[WhiteElo "2140"]
[BlackElo "1785"]
[PlyCount "94"]
[EventDate "2018.12.26"]
[EventType "swiss"]
[EventRounds "9"]
[EventCountry "CZE"]
[SourceTitle "Ajedrez en Madrid"]
[Source "lmi"]
[SourceDate "2018.12.26"]
[SourceVersion "1"]
[SourceVersionDate "2019.01.04"]
[SourceQuality "1"]

1. d4 d5 2. Bf4 Nf6 3. e3 c5 4. Nf3 Nc6 5. Nbd2 Bg4 6. c3 e6 7. Qb3 Qb6 8. Ne5
c4 9. Qxb6 axb6 10. Nxg4 Nxg4 11. Be2 Nf6 12. O-O Kd7 13. b3 b5 14. a4 bxa4 15.
bxc4 dxc4 16. Nxc4 Nd5 17. Bf3 Ra6 18. Rfb1 Nxf4 19. exf4 Kc7 20. Ne5 f6 21.
Nxc6 bxc6 22. Be2 Ra8 23. g3 Bd6 24. c4 f5 25. c5 Be7 26. Rb4 a3 27. Rb3 a2 28.
Rb2 Rhb8 29. Rxb8 Kxb8 30. Bc4 Bf6 31. Rxa2 Rxa2 32. Bxa2 Bxd4 33. Bxe6 Bxc5
34. Bxf5 h6 35. Kg2 Kc7 36. h4 Be7 37. Kf3 Kd6 38. h5 c5 39. Ke4 Bf6 40. Kd3
Bd4 41. f3 Bf2 42. g4 Bg3 43. Ke3 c4 44. Bb1 c3 45. Kd4 Ke6 46. Ba2+ Kf6 47.
Bb3 Be1 1/2-1/2

[Event "Litomysl Open 2018"]
[Site "Litomysl, Domov mladeze VOSP "]
[Date "2018.12.27"]
[Round "3.10"]
[White "Lorenc, Oldrich"]
[Black "Ulcak, Michael"]
[Result "1-0"]
[WhiteElo "2069"]
[BlackElo "1464"]
[PlyCount "73"]
[EventDate "2018.12.26"]
[EventType "swiss"]
[EventRounds "9"]
[EventCountry "CZE"]
[SourceTitle "Ajedrez en Madrid"]
[Source "lmi"]
[SourceDate "2018.12.26"]
[SourceVersion "1"]
[SourceVersionDate "2019.01.04"]
[SourceQuality "1"]

1. Nf3 Nf6 2. c4 c6 3. Nc3 d5 4. e3 e6 5. d4 Bd6 6. Rb1 a6 7. c5 Bc7 8. b4 b6
9. cxb6 Bxb6 10. Qc2 O-O 11. Bd3 Nbd7 12. Na4 Bb7 13. O-O Qc7 14. Nc5 Rfb8 15.
Bb2 a5 16. a3 axb4 17. axb4 Bxc5 18. bxc5 Ba6 19. Bc3 Bxd3 20. Qxd3 Ne4 21. Nd2
Nxc3 22. Qxc3 Rb7 23. Rxb7 Qxb7 24. Rb1 Qc7 25. Qb4 Rb8 26. Qa4 Rxb1+ 27. Nxb1
Qb7 28. Nd2 Qb5 29. Qa8+ Nf8 30. Qd8 h6 31. h4 Qb4 32. Nf3 Qb1+ 33. Kh2 f6 34.
Qe8 Qb5 35. h5 Qd3 36. Nh4 Qe2 37. f3 1-0

[Event "Litomysl Open 2018"]
[Site "Litomysl, Domov mladeze VOSP "]
[Date "2018.12.27"]
[Round "3.11"]
[White "Korcz, Daniel"]
[Black "Swicarz, Maciej"]
[Result "0-1"]
[WhiteElo "1832"]
[BlackElo "2331"]
[PlyCount "82"]
[EventDate "2018.12.26"]
[EventType "swiss"]
[EventRounds "9"]
[EventCountry "CZE"]
[SourceTitle "Ajedrez en Madrid"]
[Source "lmi"]
[SourceDate "2018.12.26"]
[SourceVersion "1"]
[SourceVersionDate "2019.01.04"]
[SourceQuality "1"]

1. e4 c5 2. Nf3 d6 3. d4 Nf6 4. Nc3 cxd4 5. Nxd4 a6 6. Be2 e5 7. Nb3 Be6 8. O-O
Be7 9. Be3 O-O 10. f4 exf4 11. Bxf4 Nc6 12. Kh1 Qb6 13. Nd5 Bxd5 14. exd5 Ne5
15. c4 Nfd7 16. Qd4 Qc7 17. Rac1 Rac8 18. Be3 Bf6 19. Qd2 Rfe8 20. c5 dxc5 21.
Nxc5 Nxc5 22. Rxc5 Qd7 23. d6 Rcd8 24. Rd5 Qe6 25. Bb6 Rd7 26. h3 Bg5 27. Qd1
Rc8 28. Bc7 Bd8 29. Rxe5 Qxe5 30. Bg4 Bxc7 31. Bxd7 Bxd6 32. g3 Qxg3 33. Qe2
Rd8 34. Rf3 Qg5 35. Rxf7 Kxf7 36. Qe6+ Kf8 37. Qxd6+ Qe7 38. Qf4+ Qf7 39. Qb4+
Kg8 40. Ba4 Qf3+ 41. Kh2 Kh8 0-1

[Event "Litomysl Open 2018"]
[Site "Litomysl, Domov mladeze VOSP "]
[Date "2018.12.27"]
[Round "3.14"]
[White "Svoboda, Frantisek"]
[Black "Svanda, Adam"]
[Result "0-1"]
[WhiteElo "1699"]
[BlackElo "1932"]
[PlyCount "70"]
[EventDate "2018.12.26"]
[EventType "swiss"]
[EventRounds "9"]
[EventCountry "CZE"]
[SourceTitle "Ajedrez en Madrid"]
[Source "lmi"]
[SourceDate "2018.12.26"]
[SourceVersion "1"]
[SourceVersionDate "2019.01.04"]
[SourceQuality "1"]

1. f4 c5 2. Nf3 Nc6 3. e3 g6 4. c3 Bg7 5. d4 d6 6. d5 Nb8 7. Bb5+ Bd7 8. Qa4 a6
9. Bxd7+ Nxd7 10. e4 Ngf6 11. O-O O-O 12. Be3 Ng4 13. Bf2 Nxf2 14. Rxf2 b5 15.
Qc2 Rb8 16. Nbd2 Qa5 17. Nb3 Qc7 18. Rd1 a5 19. Nc1 Nb6 20. b3 Rfc8 21. c4 bxc4
22. bxc4 Nd7 23. Nd3 Rb7 24. Rff1 Rcb8 25. Rb1 e6 26. Rxb7 Qxb7 27. dxe6 fxe6
28. e5 d5 29. Nd2 Qa6 30. cxd5 exd5 31. Nxc5 Qa7 32. Rc1 Rc8 33. Nde4 dxe4 34.
Qc4+ Kh8 35. e6 Rxc5 0-1

[Event "Litomysl Open 2018"]
[Site "Litomysl, Domov mladeze VOSP "]
[Date "2018.12.27"]
[Round "3.18"]
[White "Brandsma, Romayn"]
[Black "Vorsilka, Jiri"]
[Result "1-0"]
[WhiteElo "1850"]
[BlackElo "1537"]
[PlyCount "61"]
[EventDate "2018.12.26"]
[EventType "swiss"]
[EventRounds "9"]
[EventCountry "CZE"]
[SourceTitle "Ajedrez en Madrid"]
[Source "lmi"]
[SourceDate "2018.12.26"]
[SourceVersion "1"]
[SourceVersionDate "2019.01.04"]
[SourceQuality "1"]

1. e4 e6 2. d4 d5 3. Nd2 c5 4. c3 cxd4 5. cxd4 dxe4 6. Nxe4 Bb4+ 7. Nc3 Bxc3+
8. bxc3 Ne7 9. Nf3 O-O 10. Bd3 h6 11. Bc2 f5 12. O-O Nbc6 13. Qd3 Qa5 14. Nh4
e5 15. Bb3+ Kh7 16. d5 e4 17. Qd2 Ne5 18. f3 g5 19. fxe4 gxh4 20. Qxh6+ Kg8 21.
d6+ Rf7 22. dxe7 Qc5+ 23. Be3 Qxe7 24. Bxf7+ Nxf7 25. Qg6+ Kf8 26. Bh6+ Nxh6
27. Qxh6+ Ke8 28. Qh8+ Kd7 29. Rad1+ Kc7 30. Qh6 fxe4 31. Rf7 1-0

[Event "Litomysl Open 2018"]
[Site "Litomysl, Domov mladeze VOSP "]
[Date "2018.12.27"]
[Round "3.19"]
[White "Svec, Ludek"]
[Black "Grabarczyk, Sylwester"]
[Result "1-0"]
[WhiteElo "1554"]
[BlackElo "1834"]
[PlyCount "69"]
[EventDate "2018.12.26"]
[EventType "swiss"]
[EventRounds "9"]
[EventCountry "CZE"]
[SourceTitle "Ajedrez en Madrid"]
[Source "lmi"]
[SourceDate "2018.12.26"]
[SourceVersion "1"]
[SourceVersionDate "2019.01.04"]
[SourceQuality "1"]

1. d4 Nf6 2. Nf3 b6 3. g3 Bb7 4. Bg2 h6 5. c4 e6 6. Nc3 g5 7. O-O d5 8. Ne5
Nbd7 9. Qa4 a6 10. Nc6 Qc8 11. cxd5 exd5 12. Nxd5 b5 13. Qc2 Nxd5 14. Bxd5 Nf6
15. Bg2 Bd6 16. e4 Nd7 17. e5 Be7 18. e6 Nf6 19. exf7+ Kxf7 20. Re1 Bd6 21. Bd2
Bxc6 22. Bxc6 Rb8 23. Qb3+ Kg7 24. Re6 Rf8 25. Rae1 Rb6 26. d5 b4 27. Be3 Rb8
28. Bd4 Qd8 29. Qe3 b3 30. axb3 Bb4 31. Re2 Rb6 32. Bxb6 cxb6 33. Qd3 Bc5 34.
d6 Rf7 35. d7 1-0